000 01053naa a2200301 c 4500
001 28235
003 ES-MaCES
005 20150929123839.0
008 951013n1995 sp ||| | spa d
035 _aCES19980021722v
040 _aES-MaCES
_bspa
_cES-MaCES
100 1 _aFernández Arufe, Josefa Eugenia
_911769
245 1 3 _aLa economía de Castilla y León
_b: inquietud y deseo por la transformación
_cJosefa Eugenia Fernández Arufe
504 _aBibliografía
650 4 _acuadros estadísticos
_928890
650 4 _aCastilla y León
_930782
650 4 _acomercio
_927943
650 4 _asector económico
_930015
650 4 _aproducto interior bruto
_929369
650 4 _aindicador económico
_927073
650 4 _acondiciones económicas
_927081
653 1 0 _aCondiciones económicas
650 4 _927890
_aturismo
773 0 _tPapeles de economía española
_gMadrid. - N. 64 (1995) ; p. 153-166
_w(ES-MaCES)25203
902 _aART Artículo de revista
942 _2CES
_cAR
_h0.0.
999 _c28235
_d28235